Państwa produkujące najwięcej orzechów nerkowca - Statystyki

Ogólne statystyki
  • Ten quiz został rozwiązany 20 razy
  • Średni wynik to 9 z 15
Statystyki odpowiedzi
Tony (tys.) Kraj % Poprawnych
127,9 Brazylia
94%
782,0 Indie
94%
88,1 Nigeria
94%
164,2 Indonezja
82%
115,6 Ghana
65%
75,2 Mali
59%
347,6 Wietnam
59%
1 044,5 Wybrzeże Kości Słoniowej
59%
136,3 Filipiny
53%
80,6 Gwinea
53%
114,6 Gwinea Bissau
53%
203,8 Benin
47%
144,0 Burkina Faso
47%
189,1 Tanzania
41%
157,5 Mozambik
35%
Nie znaleziono quizów pasujących do podanych kryteriów
Rozkład punktacji
Procent ludzi z każdym wynikiem
Percentyl według liczby udzielonych odpowiedzi
Twoja historia wyników
Nie rozwiązałeś tego quizu